000 01467nam a2200349 i 4500
001 ELB39051
003 FlNmELB
005 20250326042636.0
006 m o d |
007 cr cnu||||||||
008 190507s2011 mx o 000 0 spa d
020 _z9786074024012
020 _a9781449266158 (e-book)
035 _a(OCoLC)1230152391
040 _aFINmELB
_bspa
_erda
_cFINmELB
050 4 _aPQ7276
_b.D454 2011
082 0 _a863.0108972
_223
100 1 _aDelgado, Jaime,
_eautor.
245 1 0 _aDe lo imposible a lo posible :
_bHistorias del alma que parecen relatos magicos /
_cJaime Delgado.
264 1 _aMexico :
_bPlaza y Valdes,
_c2011.
300 _a1 recurso en línea (192 páginas)
336 _atexto
_btxt
_2rdacontent/spa
337 _acomputadora
_bc
_2rdamedia/spa
338 _arecurso en línea
_bcr
_2rdacarrier/spa
588 _aDescripción basada en el editor de metadatos y otras fuentes.
590 _aRecurso electrónico. Santa Fe, Arg.: elibro, 2018. Disponible vía World Wide Web. El acceso puede estar limitado para las bibliotecas afiliadas a elibro.
650 0 _aShort stories, Mexican.
655 4 _aLibros electrónicos.
776 0 8 _iPrint version:
_aDelgado, Jaime.
_tDe lo imposible a lo posible : Historias del alma que parecen relatos magicos.
_dMexico : Plaza y Valdes, 2011
_h192 páginas
_z9786074024012
797 2 _aelibro, Corp
856 4 0 _uhttps://elibro.net/ereader/usam/39051
_zClick to View
999 _c132334
_d132334